Statistics for Oceanian Countries as Sorted Heterograms

Click here to take the quiz!

General Stats

  • This quiz has been taken 105 times
  • The average score is 14 of 14

Answer Stats

HeterogramCountry% Correct
FIJFiji
99%
ADELNWZNew Zealand
99%
ABIKRTKiribati
98%
ANRUNauru
98%
ALPUPalau
98%
AMOSSamoa
98%
AGNOTTonga
98%
ANTUVVanuatu
98%
ALTUVTuvalu
97%
ADILMNOSSolomon Islands
96%
AILRSTUAustralia
95%
ACDEFIMNORSTFederated States of Micronesia
94%
ADHILMNRSMarshall Islands
94%
AEGINPUWPapua New Guinea
94%

Score Distribution

Percentile by Number Answered

Percent of People with Each Score

Your Score History

You have not taken this quiz